Crossing boundaries : bodily paradigms in Jeanette Winterson's fiction 1985-2000 /

সংরক্ষণ করুন:
গ্রন্থ-পঞ্জীর বিবরন
প্রধান লেখক: Antosa, Silvia (লেখক)
বিন্যাস: গ্রন্থ
ভাষা:ইংরেজি
প্রকাশিত: Roma : Aracne, c2008
মালা:Studi di anglistica ; 9
ট্যাগগুলো: ট্যাগ যুক্ত করুন
কোনো ট্যাগ নেই, প্রথমজন হিসাবে ট্যাগ করুন!

MARC

LEADER 00000nam a22000007i 4500
001 IT\ICCU\UBO\3534688
003 ItRI
005 20260115232110.0
008 081201s2008 it |||||| ||||| |||||c
020 |a 9788854816824 
040 |b ita  |c importazione bologna sebina 
041 7 |a eng  |2 ISO-639-2 
100 1 |a Antosa, Silvia  |0 IT\ICCU\RMSV\787336  |4 aut 
245 1 0 |a Crossing boundaries :  |b bodily paradigms in Jeanette Winterson's fiction 1985-2000 /  |c Silvia Antosa. 
260 |a Roma :  |b Aracne,  |c c2008 
300 |a 218 p. ;  |c 21 cm. 
830 0 |a Studi di anglistica ;  |v 9  |0 IT\ICCU\BVE\0385673 
942 |2 ddc  |c BK  |n 0 
952 |0 0  |1 0  |4 0  |6 L_823_090000000000000_ANT  |7 0  |9 20025  |a BO  |b BO  |d 2026-01-15  |i 12806  |l 0  |o L 823.09 ANT  |p BO12806  |r 2026-01-15 23:21:10  |w 2026-01-15  |x [Sebina 5] [1 v. (2. copia)]  |y BK  |z 1 v. (2. copia) 
952 |0 0  |1 0  |4 0  |6 L_823_090000000000000_ANT  |7 0  |9 20026  |a BO  |b BO  |d 2026-01-15  |i 12265  |l 0  |o L 823.09 ANT  |p BO12265  |r 2026-01-15 23:21:10  |w 2026-01-15  |x [Sebina 5] [1 v.]  |y BK  |z 1 v. 
999 |c 17072  |d 17072